00338nam a22001217a 450000500170000002000230001703500220004003700130006210000180007524500650009326000360015830000220019420180723111841.0 a8187317779c600.00 aB-19760, B-019759 aDPLbENG aRatti, Manish aHotel, tourism and hospitality management /cby Manish Ratti aDelhibRajat Publicationsc2000 av, 331p.c18 cms.